Indian cricket and corruption / (Record no. 128812)

MARC details
000 -LEADER
fixed length control field 00857nam a22002657a 4500
003 - CONTROL NUMBER IDENTIFIER
control field 0
005 - DATE AND TIME OF LATEST TRANSACTION
control field 20180703145724.0
008 - FIXED-LENGTH DATA ELEMENTS--GENERAL INFORMATION
fixed length control field 0
010 ## - LIBRARY OF CONGRESS CONTROL NUMBER
LC control number B-167859
020 ## - INTERNATIONAL STANDARD BOOK NUMBER
Terms of availability 600.00
International Standard Book Number 8172201761
035 ## - SYSTEM CONTROL NUMBER
System control number B-167859, B-167860
037 ## - SOURCE OF ACQUISITION
Source of stock number/acquisition Cen Lib/Ret
040 ## - CATALOGING SOURCE
Original cataloging agency DPL
Language of cataloging EN
Transcribing agency 0
082 ## - DEWEY DECIMAL CLASSIFICATION NUMBER
Classification number 796.358
Item number WAD
100 ## - MAIN ENTRY--PERSONAL NAME
Personal name Wadhwaney, Kishin R.
9 (RLIN) 102157
245 ## - TITLE STATEMENT
Title Indian cricket and corruption /
Statement of responsibility, etc by Kishin R. Wadhwaney
260 ## - PUBLICATION, DISTRIBUTION, ETC. (IMPRINT)
Place of publication, distribution, etc New Delhi
Name of publisher, distributor, etc Siddarth Publications
Date of publication, distribution, etc 2005
270 ## - ADDRESS
Address 10, DSIDC Scheme II, Ohkla Indusrtrial Area Phaes-II
City New Delhi
Postal code 110052
300 ## - PHYSICAL DESCRIPTION
Extent xl,332p. :
Dimensions 21cm(Hb)
Other physical details col.ill.
500 ## - GENERAL NOTE
General note Includes Bibliographical references.
650 ## - SUBJECT ADDED ENTRY--TOPICAL TERM
Topical term or geographic name as entry element Cricket--Corrupt practices
9 (RLIN) 24497
650 ## - SUBJECT ADDED ENTRY--TOPICAL TERM
Topical term or geographic name as entry element Cricket--Political aspects
9 (RLIN) 24498
700 ## - ADDED ENTRY--PERSONAL NAME
Personal name Wadhwaney, Kishin R.
9 (RLIN) 102158
942 ## - ADDED ENTRY ELEMENTS (KOHA)
Source of classification or shelving scheme Dewey Decimal Classification
Koha item type English Books
Classification part 796.358
Call number suffix WAD
Holdings
Withdrawn status Lost status Damaged status Not for loan Home library Current library Date acquired Source of acquisition Cost, normal purchase price Total Checkouts Full call number Barcode Date last seen Copy number Cost, replacement price Price effective from Koha item type
        Central Library Central Library 03/07/2015 Cen Lib/Ret 600.00   796.358 WAD B-167859 03/07/2015 1 600.00 15/09/2016 English Books

© Delhi Public Library
Hit Counter
free hit counter